[Event "Ch Germany (juniors) (under 15) (g)"]
[Site "masterchessopen.com - Lingen (Germany)"]
[Round "3"]
[White "Schulz Sandra (GER)"]
[Black "Neumann Andreas (GER)"]
[Result "1-0"]
[WhiteElo "2120"]
[BlackElo "2210"]

1.d4 g6 2.c4 Bg7 3.Nf3 c5 4.d5 d6 5.e4 Nf6 6.Nc3 O-O 7.Be2 e6 8.O-O exd5
9.cxd5 Bg4 10.h3 Bxf3 11.Bxf3 Na6 12.Bf4 Nc7 13.a4 a6 14.Be2 Rb8 15.a5 b5
16.axb6 Rxb6 17.Ra2 Nb5 18.Qd3 Qe7 19.Ra5 Re8 20.Re1 Reb8 21.Bf1 Nd7 22.Qg3
Ne5 23.Bg5 Qd7 24.Ra2 Qc7 25.Bd2 Nd4 26.Na4 Rb3 27.Bc3 Nd7 28.Qg4 a5 29.Rd1 h5
30.Qg5 Bf6 31.Qd2 Nb5 32.Bxa5 Qb7 33.Bc4 Nd4 34.Bxb3 Nxb3 35.Qe1 Ra8 36.Bc3
Bxc3 37.Nxc3 Rb8 38.Ne2 Ne5 39.Qc3 Qb5 40.Nc1 Nxc1 41.Rxc1 Qe2 42.Re1 Qb5
43.Rea1 Kh7 44.f4 Nd3 45.Qf6 {#r} 1-0

[Event "It (open)"]
[Site "masterchessopen.com - Mislata (Spain)"]
[Round "5"]
[White "Capella Gimenez J M (ESP)"]
[Black "Mompo Ballester Vicente (ESP)"]
[Result "0-1"]
[WhiteElo "2107"]
[BlackElo "2201"]

1.d4 Nf6 2.Nf3 g6 3.c4 Bg7 4.Nc3 O-O 5.e4 d6 6.Be2 c5 7.d5 e6 8.O-O exd5
9.cxd5 Na6 10.Nd2 Nc7 11.a4 b6 12.a5 Rb8 13.axb6 axb6 14.Nb5 Re8 15.f3 Nh5
16.f4 Nxb5 17.Bxb5 Bd7 18.Bxd7 Qxd7 19.Ra3 Nf6 20.Re1 b5 21.h3 Ra8 22.Rxa8
Rxa8 23.e5 dxe5 24.fxe5 Nxd5 25.Ne4 c4 26.Nd6 Nb4 27.Qf3 Rf8 28.Bg5 Nd3 29.Re2
Nxe5 30.Qd5 Qe6 31.Qxe6 fxe6 32.Nxb5 Rb8 33.Nc7 Nd3 34.Rxe6 Bxb2 35.Re2 Bd4+
36.Kh1 Rb1+ 37.Kh2 Be5+ 38.g3 h6 39.Bf4 Bxf4 40.gxf4 Nxf4 41.Rc2 Rb3 42.Rxc4
Rxh3+ 43.Kg1 Rc3 44.Rxf4 Rxc7 45.Ra4 Kg7 {#R} 0-1

[Event "Ch Quebec"]
[Site "masterchessopen.com - Montreal (Canada)"]
[Round "2"]
[White "Latendresse Simon (CAN)"]
[Black "Gravel Simon (CAN)"]
[Result "0-1"]
[WhiteElo "2065"]
[BlackElo "2265"]

1.d4 Nf6 2.Nf3 c5 3.d5 e6 4.c4 exd5 5.cxd5 d6 6.Nc3 g6 7.e4 Bg7 8.Be2 O-O
9.O-O Na6 10.Bg5 h6 11.Bh4 g5 12.Bg3 Nh5 13.Nd2 Nxg3 14.fxg3 f5 15.Qa4 Nc7
16.Bd3 b5 17.Bxb5 Rb8 18.Bd3 Rxb2 19.Nc4 Bxc3 20.Nxb2 Bxb2 21.Rab1 Bd4+ 22.Kh1
fxe4 23.Bxe4 Rxf1+ 24.Rxf1 Qe7 25.Qc2 Ne8 26.Bf3 Nf6 27.Rb1 Kg7 28.Qb3 g4
29.Qb8 gxf3 {#R} 0-1

[Event "It (open) \"]
[Site "masterchessopen.com - Belgium"]
[Round "6"]
[White "Denayer Eric (BEL)"]
[Black "Laurent Bruno (BEL)"]
[Result "1-0"]
[WhiteElo "2245"]
[BlackElo "2372"]

1.d4 Nf6 2.Nf3 g6 3.c4 Bg7 4.Nc3 O-O 5.e4 d6 6.Be2 c5 7.d5 e6 8.O-O exd5
9.cxd5 Bg4 10.Re1 Re8 11.h3 Bxf3 12.Bxf3 Nbd7 13.Bf4 Ne5 14.Be2 a6 15.a4 h6
16.Ra3 g5 17.Bc1 Ng6 18.Bf1 Nd7 19.g3 Be5 20.Ne2 Qf6 21.Bg2 c4 22.f4 Bxb2
23.e5 dxe5 24.Bxb2 Qb6+ 25.Nd4 Qxb2 26.Rae3 Qb6 27.fxe5 Rxe5 28.Rxe5 Ndxe5
29.Kh2 Nd3 30.Nf5 Nxe1 31.Qxe1 Qf6 32.Nxh6+ Kg7 33.Ng4 Qd4 34.Qc1 f6 35.Qb1 b5
36.axb5 Rb8 37.Qf5 {#r} 1-0

[Event "It (open)"]
[Site "masterchessopen.com - Gausdal (Norway)"]
[Round "1"]
[White "Tisdall Jonathan D (NOR)"]
[Black "Leosson Torfi (ISL)"]
[Result "1-0"]
[WhiteElo "2515"]
[BlackElo "2175"]

1.d4 g6 2.e4 d6 3.c4 Bg7 4.Nc3 c5 5.d5 Nf6 6.Nf3 O-O 7.Be2 e6 8.O-O exd5
9.cxd5 Bg4 10.Bg5 Bxf3 11.Bxf3 Na6 12.Qd2 Rb8 13.Be2 Re8 14.f4 h6 15.Bxf6 Qxf6
16.e5 dxe5 17.Ne4 Qb6 18.f5 c4+ 19.Kh1 Qd4 20.fxg6 fxg6 21.Qc2 Nb4 22.Qxc4
Qxc4 23.Bxc4 b5 24.Bb3 Rf8 25.g3 Nd3 26.d6+ Kh7 27.d7 Rfd8 28.Rf7 Rb7 29.Rd1
Nxb2 30.Rd5 Kg8 31.Rf2 Nc4 32.Rxb5 Rdxd7 33.Bxc4+ Kh7 34.Rxb7 Rxb7 35.Rf7 Rxf7
36.Bxf7 Bf8 37.Kg2 Kg7 38.Be8 Be7 39.Kf3 h5 40.Nc3 h4 41.Ke4 hxg3 42.hxg3 Bd6
43.Kd5 Bb8 44.Ne4 {#r} 1-0

[Event "Memorial A.Alekhine (open)"]
[Site "masterchessopen.com - Moscow (Russia)"]
[Round "8"]
[White "Khromov Vladimir V (RUS)"]
[Black "Griaznykh Igor V (RUS)"]
[Result "0-1"]
[WhiteElo "2292"]
[BlackElo "2128"]

1.Nf3 d6 2.d4 Nf6 3.c4 c5 4.d5 e6 5.Nc3 exd5 6.cxd5 g6 7.e4 Bg7 8.Be2 O-O
9.O-O Bg4 10.h3 Bxf3 11.Bxf3 Nbd7 12.Qc2 Re8 13.Be2 Qe7 14.Re1 Nxe4 15.Bb5 f5
16.Nxe4 fxe4 17.Bg5 Qxg5 18.Bxd7 Rf8 19.Be6+ Kh8 20.Rxe4 Bd4 21.Rf1 Rf6 22.Kh1
Raf8 23.f3 {#R} 0-1

[Event "Ch Russia (1/2 final)"]
[Site "masterchessopen.com - Novosibirsk (Russia)"]
[Round "3"]
[White "Erikalov Alexey (RUS)"]
[Black "Nevostrujev Vladimir (RUS)"]
[Result "0-1"]
[WhiteElo "2315"]
[BlackElo "2405"]

1.d4 Nf6 2.c4 g6 3.Nc3 Bg7 4.e4 O-O 5.Nf3 d6 6.Be2 c5 7.d5 e6 8.O-O exd5
9.cxd5 Nbd7 10.Bf4 Qe7 11.Nd2 Ne5 12.h3 Ne8 13.Re1 f5 14.exf5 Bxf5 15.Bh2 Nf6
16.g4 Bd7 17.f4 Nf7 18.Bd3 Qd8 19.Re6 Nxd5 20.Re1 Nxc3 21.bxc3 Bxc3 22.Rb1 Qh4
23.Kg2 Rae8 24.Rxe8 Rxe8 25.Nf3 Bc6 26.Bc4 Re1 27.Bxf7+ Kxf7 28.Qb3+ Kf8
29.Qxc3 Re2+ 30.Kh1 Rxh2+ 31.Kxh2 Qf2+ {#R} 0-1

[Event "Ch World (juniors) (under 14)"]
[Site "masterchessopen.com - Cannes (France)"]
[Round "7"]
[White "Kanep Meelis (EST)"]
[Black "Plantet Sebastien (FRA)"]
[Result "1-0"]
[WhiteElo "2504"]
[BlackElo "2090"]

1.d4 Nf6 2.c4 c5 3.d5 g6 4.Nc3 d6 5.e4 Bg7 6.Nf3 O-O 7.Be2 e6 8.O-O exd5
9.cxd5 Bg4 10.Bf4 Re8 11.h3 Bxf3 12.Bxf3 Qb6 13.Qb3 Qxb3 14.axb3 Rd8 15.e5
dxe5 16.Bxe5 Ne8 17.Bg3 a6 18.Rfe1 Nd7 19.Re2 Nb6 20.Rae1 c4 21.Re7 cxb3
22.Rxb7 Nc4 23.Re2 Bxc3 24.bxc3 b2 25.Rexb2 Nxb2 26.Rxb2 Rac8 27.Be5 Nd6
28.Bf6 Nc4 29.Bxd8 Nxb2 30.Bf6 Rc7 31.d6 Ra7 32.Bc6 a5 33.Bd4 {#r} 1-0

[Event "It (open) (a)"]
[Site "masterchessopen.com - Cannes (France)"]
[Round "8"]
[White "Pelletier Yannick (SUI)"]
[Black "Tirard Hugo (FRA)"]
[Result "1-0"]
[WhiteElo "2465"]
[BlackElo "2370"]

1.d4 Nf6 2.c4 g6 3.Nc3 Bg7 4.e4 d6 5.Be2 O-O 6.Nf3 c5 7.d5 e6 8.O-O exd5
9.cxd5 Bg4 10.Nd2 Bxe2 11.Qxe2 Re8 12.f3 Na6 13.Qd1 Nh5 14.Nc4 Bxc3 15.bxc3 b5
16.Ne3 Qa5 17.Bd2 c4 18.Nc2 Nc5 19.Nd4 Qb6 20.Rb1 a6 21.Be3 Nd3 22.Qd2 Qc7
23.g4 Ng7 24.a4 bxa4 25.Nc6 f5 26.gxf5 gxf5 27.Kh1 Rf8 28.Rg1 fxe4 29.Rxg7+
Kxg7 30.Bd4+ Kf7 31.Qh6 {#r} 1-0

[Event "It (open)"]
[Site "masterchessopen.com - Feldbach (Austria)"]
[Round "6"]
[White "Danner Georg (AUT)"]
[Black "Stanec Nikolaus (AUT)"]
[Result "1-0"]
[WhiteElo "2415"]
[BlackElo "2465"]

1.d4 Nf6 2.Nf3 g6 3.c4 Bg7 4.Nc3 O-O 5.e4 d6 6.Be2 c5 7.d5 e6 8.O-O exd5
9.cxd5 Na6 10.Bf4 Bg4 11.Nd2 Bxe2 12.Qxe2 Nh5 13.Be3 Rb8 14.a4 Nb4 15.Nc4 a6
16.a5 f5 17.exf5 Rxf5 18.Ne4 Nxd5 19.Ncxd6 Nxe3 20.Qxe3 Rf8 21.Qb3+ Kh8
22.Nf7+ Rxf7 23.Qxf7 Bxb2 24.Rad1 Qh4 25.Rd7 Bg7 26.Re7 h6 27.g3 Qg4 28.Nf6
{#r} 1-0

[Event "Ch Finland"]
[Site "masterchessopen.com - Helsinki (Finland)"]
[Round "1"]
[White "Tella Jussi (FIN)"]
[Black "Lehto Ville (FIN)"]
[Result "0-1"]
[WhiteElo "2375"]
[BlackElo "2335"]

1.d4 g6 2.Nf3 Bg7 3.c4 d6 4.Nc3 Nf6 5.e4 O-O 6.Be2 c5 7.d5 e6 8.O-O exd5
9.cxd5 Bg4 10.h3 Bxf3 11.Bxf3 a6 12.Bf4 Ne8 13.a4 Nd7 14.Qd2 Rc8 15.Rfe1 c4
16.Bg4 f5 17.exf5 gxf5 18.Be2 Ne5 19.Bh6 Rc7 20.Bxg7 Rxg7 21.f4 Qb6+ 22.Kf1
Nf6 23.Rad1 Ne4 24.Qd4 Ng3+ 25.Kf2 Qxb2 26.fxe5 Qxc3 27.exd6 Ne4+ 28.Kf1 Qxd4
29.Rxd4 b5 30.Bf3 Nxd6 31.Re6 Rd8 32.g4 fxg4 33.Bxg4 b4 34.Ke2 b3 35.Kd2 Rb7
36.Kc1 c3 37.Re2 Rf8 {#R} 0-1

[Event "corr."]
[Site "masterchessopen.com - Internet"]
[Round "0"]
[White "Mascarenhas Alberto (BRA)"]
[Black "Neto Horacio (POR)"]
[Result "1-0"]
[WhiteElo "2300"]
[BlackElo "2157"]

1.d4 Nf6 2.c4 e6 3.Nc3 c5 4.d5 exd5 5.cxd5 d6 6.Nf3 g6 7.e4 Bg7 8.Be2 O-O
9.O-O Na6 10.Bf4 Nc7 11.a4 Nfe8 12.Bg5 f6 13.Bh4 b6 14.Nd2 Rb8 15.f4 Qd7 16.f5
a6 17.Nc4 b5 18.Na5 b4 19.Nb1 Bh6 20.Nd2 Be3+ 21.Kh1 Bxd2 22.Qxd2 g5 23.Bg3
Ng7 24.Rac1 Rf7 25.b3 Rf8 26.Nc4 Nce8 27.h3 Qd8 28.h4 h6 29.Bh2 Rb7 30.g4 Re7
31.Bd3 a5 32.Bg3 Ba6 33.Qh2 Rd7 34.Kg2 Kf7 35.hxg5 hxg5 36.Rh1 Rg8 37.Kf3 Bxc4
38.Bxc4 Nc7 39.Rc2 Nge8 40.Qh6 Qe7 41.Rch2 Qf8 42.Qh7+ Rg7 43.Qh3 Qe7 44.Qf1
{#r} 1-0

[Event "It \"]
[Site "masterchessopen.com - Korolev (Russia)"]
[Round "5"]
[White "Vassiliev Evgeny (RUS)"]
[Black "Ivanenko Vitaly (RUS)"]
[Result "1-0"]
[WhiteElo "2265"]
[BlackElo "2289"]

1.d4 Nf6 2.c4 e6 3.Nf3 c5 4.d5 exd5 5.cxd5 d6 6.Nc3 g6 7.e4 Bg7 8.Be2 O-O
9.O-O Na6 10.Bf4 Nc7 11.Nd2 Rb8 12.a4 Nfe8 13.Nc4 a6 14.a5 Nb5 15.Na4 Nd4
16.Bd3 f5 17.f3 g5 18.Bg3 f4 19.Bf2 Bd7 20.Nab6 Bb5 21.Re1 Qf6 22.e5 dxe5
23.Nxe5 Qd6 24.Bxb5 axb5 25.Ned7 Nc7 26.b4 Qg6 27.Rc1 g4 28.Nxf8 Rxf8 29.fxg4
f3 30.h3 h5 31.Rxc5 Na6 32.Rc8 Rxc8 33.Nxc8 Ne2+ 34.Qxe2 fxe2 35.Ne7+ Kf7
36.Nxg6 Kxg6 37.gxh5+ Kxh5 38.d6 Nxb4 39.Rxe2 Nc6 40.Re7 Bf6 41.Rxb7 {#r} 1-0

[Event "Ch Spain (team) (b)"]
[Site "masterchessopen.com - Ponferrada (Spain)"]
[Round "8"]
[White "Rubio Tapia Jose Juan (ESP)"]
[Black "Sanchez Naranjo Jose Manuel (ESP)"]
[Result "0-1"]
[WhiteElo "2102"]
[BlackElo "2096"]

1.d4 Nf6 2.c4 c5 3.d5 e6 4.Nc3 exd5 5.cxd5 d6 6.e4 g6 7.Nf3 Bg7 8.Be2 O-O
9.O-O Na6 10.h3 Nc7 11.a4 a6 12.a5 Rb8 13.Nd2 Qe7 14.Bf3 Bd7 15.Re1 Nb5 16.Nc4
Ne8 17.Na4 Nd4 18.Bf4 Bb5 19.Nab6 Qf6 20.Bg3 Bxc4 21.Nxc4 Rd8 22.Ra3 Nxf3+
23.Rxf3 Qe7 24.Rb3 h5 25.Rb6 h4 26.Bh2 Rd7 27.e5 dxe5 28.Bxe5 Qd8 29.d6 f6
30.Bc3 Rff7 31.Qd5 Qc8 32.Qe4 Kf8 33.Qxg6 Qb8 34.Re6 Qc8 35.Qe4 f5 36.Qxh4
Bxc3 37.bxc3 Rh7 38.Qg5 Rdg7 39.Qxf5+ Rf7 {#R} 0-1

[Event "It (open)"]
[Site "masterchessopen.com - Toulouse (France)"]
[Round "3"]
[White "Maruejols Claude (FRA)"]
[Black "Montheard Xavier (FRA)"]
[Result "0-1"]
[WhiteElo "2034"]
[BlackElo "2214"]

1.d4 Nf6 2.c4 c5 3.d5 e6 4.Nc3 exd5 5.cxd5 d6 6.e4 g6 7.Nf3 Bg7 8.Be2 O-O
9.O-O Na6 10.Nd2 Nc7 11.a4 b6 12.f3 Rb8 13.Nc4 Ba6 14.Kh1 Qd7 15.Bg5 Bxc4
16.Bxc4 a6 17.Qd2 b5 18.axb5 axb5 19.Be2 Ra8 20.Rfc1 Rfe8 21.g4 c4 22.Na2 Na6
23.Nb4 Nc5 24.Bd1 Qb7 25.Bf4 Qb6 26.Be3 Nfd7 27.Ra2 Rxa2 28.Nxa2 Ra8 29.Nc3
Ne5 30.Rb1 b4 31.Na4 Qb5 32.Nxc5 dxc5 33.Be2 Ra2 34.f4 Nd3 35.e5 g5 36.Bxd3
cxd3 37.d6 c4 38.d7 Ra8 39.Rd1 gxf4 40.Bxf4 Qxd7 41.Qxb4 Qd5+ 42.Kg1 Qd4+
43.Kg2 Qxf4 44.Rxd3 Qe4+ 45.Rf3 Qe2+ {#R} 0-1

[Event "It (open)"]
[Site "masterchessopen.com - Cannes (France)"]
[Round "5"]
[White "Huss Andreas (SUI)"]
[Black "Giffard Nicolas (FRA)"]
[Result "0-1"]
[WhiteElo "2355"]
[BlackElo "2375"]

1.d4 Nf6 2.Nf3 g6 3.c4 Bg7 4.Nc3 O-O 5.e4 d6 6.Be2 c5 7.d5 e6 8.O-O exd5
9.cxd5 Bg4 10.Bf4 Bxf3 11.Bxf3 Ne8 12.Qd2 a6 13.a4 Nd7 14.Be2 Qe7 15.Rae1 Rb8
16.Kh1 Nc7 17.Bg5 f6 18.Bh4 b5 19.f4 Qe8 20.e5 dxe5 21.d6 Ne6 22.axb5 axb5
23.Bxb5 Nd4 24.fxe5 fxe5 25.Bc4+ Kh8 26.Be7 Rf5 27.Nd5 e4 28.Nc7 Qc8 29.Rxe4
Ne5 30.Ba6 Qd7 31.Rfe1 Ndf3 32.gxf3 Nxf3 33.Qa5 Rxb2 34.Be2 h5 35.Bxf3 Rxf3
36.R1e2 Rxe2 37.Rxe2 Qh3 38.Rg2 Rf1+ {#R} 0-1

[Event "It (open)"]
[Site "masterchessopen.com - Cannes (France)"]
[Round "9"]
[White "Pelletier Yannick (SUI)"]
[Black "Giffard Nicolas (FRA)"]
[Result "0-1"]
[WhiteElo "2525"]
[BlackElo "2375"]

1.d4 Nf6 2.c4 d6 3.Nc3 g6 4.e4 Bg7 5.Nf3 O-O 6.Be2 c5 7.d5 e6 8.O-O exd5
9.cxd5 Bg4 10.Bf4 Bxf3 11.Bxf3 Ne8 12.Qd2 a6 13.a4 Nd7 14.Be2 Rb8 15.f3 Qe7
16.Kh1 Nc7 17.Rab1 b5 18.axb5 axb5 19.b4 c4 20.Rfd1 Ra8 21.Bf1 Ra3 22.Ne2 Nb6
23.Nd4 Rfa8 24.Nc6 Qd7 25.Rbc1 Re8 26.Qf2 Nc8 27.g3 Na8 28.Rc2 Nab6 29.Ra2
Rxa2 30.Qxa2 Na4 31.Qc2 f5 32.Bh3 Nc3 33.Rc1 Nb6 34.Qd2 Nbxd5 35.Na5 Qf7
36.Bxd6 fxe4 37.Rf1 e3 38.Qc1 e2 39.Re1 Qxf3+ 40.Bg2 Qd3 {#R} 0-1

[Event "Czech League 1998/99 (2nd) (a)"]
[Site "masterchessopen.com - Czech Republic"]
[Round "0"]
[White "Mista Ladislav (CZE)"]
[Black "Belaska Premysl (CZE)"]
[Result "1-0"]
[WhiteElo "2295"]
[BlackElo "2290"]

1.d4 Nf6 2.c4 c5 3.d5 e6 4.Nc3 exd5 5.cxd5 d6 6.Nf3 g6 7.e4 Bg7 8.Be2 O-O
9.O-O Na6 10.Nd2 Nc7 11.f3 a6 12.a4 Rb8 13.Nc4 b5 14.Na5 Bd7 15.axb5 axb5
16.Bf4 Nfe8 17.Qd2 f5 18.Nc6 Bxc6 19.dxc6 Qf6 20.Kh1 b4 21.Nd5 Qxb2 22.Qxb2
Bxb2 23.Nxc7 Nxc7 24.Bc4+ Kh8 25.Bxd6 Bxa1 26.Rxa1 Kg7 27.Bxc7 {#r} 1-0

[Event "Bayern Oberliga"]
[Site "masterchessopen.com - Germany"]
[Round "5"]
[White "Geberl Hans-Walter (GER)"]
[Black "Schleupner Kurt (GER)"]
[Result "1-0"]
[WhiteElo "2213"]
[BlackElo "1895"]

1.d4 Nf6 2.Nf3 g6 3.c4 c5 4.d5 Bg7 5.Nc3 d6 6.e4 O-O 7.Be2 e6 8.O-O exd5
9.cxd5 Bg4 10.Nd2 Bxe2 11.Qxe2 Re8 12.f3 a6 13.a4 Nbd7 14.Nc4 Nb6 15.Ne3 Rb8
16.a5 Na8 17.Nc4 Nc7 18.Bg5 h6 19.Bh4 Nb5 20.Nxb5 axb5 21.Nb6 g5 22.Bf2 b4
23.Qd2 Nd7 24.Nc4 Ne5 25.Ne3 Ra8 26.Nf5 Rxa5 27.Rxa5 Nc4 28.Qe2 Nxa5 29.f4 Nb3
30.fxg5 hxg5 31.Nxg7 Kxg7 32.Qf3 Nd2 33.Bd4+ cxd4 34.Qxf7+ {#r} 1-0

[Event "Mecklenburg Landesliga 1997/98"]
[Site "masterchessopen.com - Germany"]
[Round "0"]
[White "Nevermann Jens"]
[Black "Kroger Torsten"]
[Result "0-1"]
[WhiteElo "1930"]
[BlackElo "2055"]

1.d4 Nf6 2.c4 c5 3.d5 e6 4.Nc3 exd5 5.cxd5 d6 6.e4 g6 7.Nf3 Bg7 8.Be2 O-O
9.O-O Bg4 10.Qc2 Re8 11.h3 Bxf3 12.Bxf3 Na6 13.Bf4 Qd7 14.a3 c4 15.Be3 b5
16.Bd4 Rac8 17.Bxf6 Bxf6 18.Bg4 Qb7 19.Bxc8 Rxc8 20.Kh1 Nc5 21.Rad1 a5 22.a4
bxa4 23.Nxa4 Nxa4 24.Qxa4 Bxb2 25.Qxa5 c3 26.Rc1 Ra8 {#R} 0-1

[Event "Ch Vietnam"]
[Site "masterchessopen.com - Hanoi (Vietnam)"]
[Round "6"]
[White "Le Thanh Minh (VIE)"]
[Black "Bao Quang (VIE)"]
[Result "1-0"]
[WhiteElo "2248"]
[BlackElo "2261"]

1.d4 e6 2.c4 c5 3.d5 exd5 4.cxd5 d6 5.e4 Nf6 6.Nc3 g6 7.Nf3 Bg7 8.Be2 O-O
9.O-O Bg4 10.h3 Bxf3 11.Bxf3 Nbd7 12.Bf4 Ne8 13.Qc2 a6 14.a4 Ne5 15.Be2 b6
16.Bh2 f6 17.f4 Nf7 18.h4 Nh6 19.h5 f5 20.e5 Qh4 21.Qd3 Ra7 22.hxg6 hxg6
23.Rae1 Nf7 24.Bd1 Re7 25.Bg3 Qh8 26.e6 Nh6 27.Kf2 Bd4+ 28.Ke2 Ng4 29.Kd2 Nef6
30.Bxg4 Nxg4 31.Rh1 Rh7 32.Rxh7 Qxh7 33.Qxa6 Nf6 34.Qxb6 Bxc3+ 35.bxc3 Ne4+
36.Rxe4 fxe4 37.Qxd6 Qh1 38.e7 e3+ 39.Kc2 Qxg2+ 40.Kb3 c4+ 41.Ka3 Ra8 42.Qxg6+
Kh8 43.e8=Q+ {#r} 1-0

[Event "It (open)"]
[Site "masterchessopen.com - Le Touquet (France)"]
[Round "3"]
[White "Vaillant Stephane (FRA)"]
[Black "Giffard Nicolas (FRA)"]
[Result "0-1"]
[WhiteElo "1989"]
[BlackElo "2375"]

1.d4 Nf6 2.Nf3 g6 3.c4 Bg7 4.Nc3 O-O 5.e4 d6 6.Be2 c5 7.d5 e6 8.O-O exd5
9.cxd5 Bg4 10.Nd2 Bxe2 11.Qxe2 Nbd7 12.Nc4 Nb6 13.Ne3 Qe7 14.f3 Rae8 15.Qc2
Nfd7 16.Bd2 f5 17.Rae1 f4 18.Ned1 a6 19.b3 Ne5 20.Nb2 Na8 21.a4 Nc7 22.Nd3 g5
23.Rc1 Rc8 24.Nxe5 Bxe5 25.Qd3 Qd7 26.Rc2 b5 27.axb5 axb5 28.Ra2 Ra8 29.Rxa8
Rxa8 30.Rb1 Rb8 31.Bc1 Na6 32.Bb2 c4 33.bxc4 Nc5 34.Qe2 bxc4 35.Qxc4 Rb3
36.Na4 Qxa4 {#R} 0-1

[Event "Ch Europe (juniors) (under 14)"]
[Site "masterchessopen.com - Mureck (Austria)"]
[Round "9"]
[White "Papa Severin (SUI)"]
[Black "Flumbort Andras (HUN)"]
[Result "0-1"]
[WhiteElo "2410"]
[BlackElo "2245"]

1.d4 Nf6 2.c4 e6 3.Nc3 c5 4.d5 exd5 5.cxd5 d6 6.e4 g6 7.Nf3 Bg7 8.Be2 O-O
9.O-O Bg4 10.Nd2 Bxe2 11.Qxe2 Re8 12.Re1 Na6 13.f3 Nb4 14.Qd1 Nd3 15.Re3 Nxc1
16.Rxc1 a6 17.Re1 b5 18.f4 Nd7 19.b3 Rc8 20.Qc2 Bd4+ 21.Kh1 Nf6 22.Ne2 Be3
23.Nc3 Bxf4 24.Rf1 Nh5 25.Rce1 Qg5 26.Nf3 Qh6 27.Ne2 Be5 28.Nxe5 Rxe5 29.Nd4
Ng3+ {#R} 0-1

[Event "Ch Russia (juniors) (under 14)"]
[Site "masterchessopen.com - St. Petersburg (Russia)"]
[Round "4"]
[White "Khlebnikov Denis (RUS)"]
[Black "Taranenko Oleg (RUS)"]
[Result "0-1"]
[WhiteElo "2220"]
[BlackElo "2237"]

1.d4 c5 2.d5 Nf6 3.c4 e6 4.Nc3 exd5 5.cxd5 d6 6.e4 g6 7.Nf3 Bg7 8.Be2 O-O
9.O-O Bg4 10.Nd2 Bxe2 11.Qxe2 Nbd7 12.Nc4 Nb6 13.Nxb6 Qxb6 14.Kh1 Rfe8 15.Qc2
a6 16.Bf4 Qc7 17.h3 Nd7 18.Rae1 b5 19.Bh2 Re7 20.f4 Rae8 21.e5 dxe5 22.Ne4 Qb6
23.d6 Re6 24.f5 Rxd6 25.Nxd6 Qxd6 26.Rd1 Qc6 27.Qf2 Rf8 28.Rxd7 Qxd7 29.f6 Bh6
30.Qh4 Qd2 31.Bxe5 Qg5 32.Qxg5 Bxg5 33.Bd6 Rc8 34.g3 h5 35.h4 Be3 36.Kg2 Bd4
37.b3 Rc6 38.Be7 Re6 39.g4 hxg4 40.Kg3 Re2 41.Kxg4 Rxa2 42.b4 Ra4 43.bxc5
Bxf6+ {#R} 0-1

[Event "Ch Polizei"]
[Site "masterchessopen.com - Wiesbaden (Germany)"]
[Round "4"]
[White "Herzog Manfred (GER)"]
[Black "Mosthaf Dieter (GER)"]
[Result "1-0"]
[WhiteElo "1849"]
[BlackElo "1570"]

1.d4 Nf6 2.c4 g6 3.Nc3 Bg7 4.e4 d6 5.Nf3 O-O 6.Be2 c5 7.d5 e6 8.O-O exd5
9.cxd5 Nbd7 10.Nd2 Ne8 11.Nc4 Ne5 12.Nxe5 Bxe5 13.f4 Bd4+ 14.Kh1 Bg7 15.Be3 f5
16.e5 dxe5 17.Bxc5 Rf7 18.d6 Be6 19.Nd5 exf4 20.Nxf4 Qd7 21.Nxe6 Qxe6 22.Bf3
Nf6 23.Re1 Qd7 24.Bd5 Nxd5 25.Qxd5 Kh8 26.Rad1 Bf6 27.Re7 Rxe7 28.dxe7 Qe8
29.Qd7 b6 30.Bd4 Qxe7 31.Qxe7 {#r} 1-0

[Event "It (open)"]
[Site "masterchessopen.com - Corsico (Italy)"]
[Date "1998.10.11"]
[Round "5"]
[White "Barberi Alessandro (ITA)"]
[Black "Drabke Lorenz (GER)"]
[Result "1-0"]
[WhiteElo "2062"]
[BlackElo "2463"]

1.d4 Nf6 2.c4 c5 3.d5 e6 4.Nc3 exd5 5.cxd5 d6 6.e4 g6 7.Nf3 Bg7 8.Be2 O-O
9.O-O Bg4 10.a4 Nbd7 11.h3 Bxf3 12.Bxf3 c4 13.Be3 Qc7 14.Nb5 Qb8 15.Qe2 Ne5
16.Na3 Rc8 17.Rac1 Nfd7 18.Nxc4 Nxc4 19.Rxc4 Rxc4 20.Qxc4 Bxb2 21.Qb5 {#r} 1-0

[Event "Ukrainian Games"]
[Site "masterchessopen.com - Alushta (Ukraine)"]
[Round "0"]
[White "Borovikov Vladislav (UKR)"]
[Black "Berelovich Aleksandar (GER)"]
[Result "0-1"]
[WhiteElo "2470"]
[BlackElo "2468"]

1.d4 Nf6 2.Nf3 e6 3.c4 c5 4.d5 exd5 5.cxd5 d6 6.Nc3 g6 7.e4 Bg7 8.Be2 O-O
9.O-O Bg4 10.Nd2 Bxe2 11.Qxe2 Nbd7 12.Nf3 Re8 13.Bf4 b5 14.Qxb5 Nxe4 15.Nxe4
Rxe4 16.Bxd6 Rb4 17.Qd3 Qb6 18.Bg3 c4 19.Qe2 Rxb2 20.Qe7 Qd8 21.Qe4 c3 22.d6
Qe8 23.Qg4 Be5 24.Rae1 {#R} 0-1

[Event "Hessenliga 1999/00"]
[Site "masterchessopen.com - Germany"]
[Round "3"]
[White "Meiser Markus (GER)"]
[Black "Flach Erich Dr (GER)"]
[Result "0-1"]
[WhiteElo "2222"]
[BlackElo "2175"]

1.d4 Nf6 2.c4 e6 3.Nf3 c5 4.d5 exd5 5.cxd5 d6 6.Nc3 g6 7.e4 Bg7 8.Be2 O-O
9.O-O Bg4 10.h3 Bxf3 11.Bxf3 Na6 12.Bf4 Nc7 13.a4 a6 14.Qb3 Rb8 15.a5 Qe7
16.Rad1 Nd7 17.Rfe1 b5 18.Bg4 Ne5 19.Be2 b4 20.Na4 Nb5 21.Nb6 Rfd8 22.Bg3 Nd7
23.Nc4 Nd4 24.Qa4 Qxe4 25.Bg4 Qxd5 26.Bxd7 Qxc4 27.Bxd6 Rb7 28.Re8+ Rxe8
29.Bxe8 Qd5 30.Bg3 Re7 31.Kh2 Qe6 32.Rxd4 Bxd4 33.Bc6 Bxb2 34.Bf3 Be5 35.Qc2
c4 36.Qd2 b3 {#R} 0-1

[Event "Mecklenburg Landesliga 1998/99"]
[Site "masterchessopen.com - Germany"]
[Round "0"]
[White "Roehl Rainer (GER)"]
[Black "Woda Jacek (POL)"]
[Result "0-1"]
[WhiteElo "2174"]
[BlackElo "2385"]

1.d4 Nf6 2.c4 c5 3.d5 e6 4.Nc3 exd5 5.cxd5 d6 6.Nf3 g6 7.e4 Bg7 8.Be2 O-O
9.O-O Bg4 10.Nd2 Bxe2 11.Qxe2 Re8 12.f3 a6 13.a4 Nbd7 14.Ra3 Nh5 15.Nc4 Ne5
16.g4 Nxc4 17.Qxc4 Nf6 18.g5 Nh5 19.Ne2 Qd7 20.Rb3 Rab8 21.a5 f5 22.gxf6 Bxf6
23.Kh1 Qh3 24.Rg1 Kh8 25.Bd2 Re7 26.Rg2 Rf8 27.Ng1 Qd7 28.Rb6 Be5 29.b4 cxb4
30.Qxb4 Rc8 31.Ne2 Rf7 32.Nd4 Nf4 33.Bxf4 Bxf4 34.Rc2 Rxc2 35.Nxc2 Qh3 36.Qc3+
Be5 {#R} 0-1

[Event "It (open)"]
[Site "masterchessopen.com - Mar del Plata (Argentina)"]
[Round "1"]
[White "Szmukler Ruben (ARG)"]
[Black "Hernandez Gilberto (MEX)"]
[Result "0-1"]
[WhiteElo "2132"]
[BlackElo "2568"]

1.d4 Nf6 2.Nf3 c5 3.d5 e6 4.c4 exd5 5.cxd5 d6 6.Nc3 g6 7.e4 Bg7 8.Be2 O-O
9.O-O Bg4 10.Re1 a6 11.a4 Bxf3 12.Bxf3 Nbd7 13.Bf4 Qe7 14.h3 Rab8 15.a5 Ne8
16.Qd2 b5 17.axb6 Rxb6 18.Ra2 Nc7 19.Rea1 Rfb8 20.Re1 Rb4 21.Nd1 Ne5 22.Bxe5
Bxe5 23.g3 Qf6 24.Be2 Rxe4 25.Bxa6 Rxe1+ 26.Qxe1 Nxd5 27.Bc4 Nb4 28.Ra7 d5
29.Bf1 h5 30.h4 Kg7 31.Nc3 Bd4 32.Kg2 Nc6 33.Ra6 Rxb2 34.Nd1 Rb1 35.Be2 Ra1
36.Rxa1 Bxa1 37.Ne3 Nb4 38.Bf3 Qe5 39.Qd1 Bd4 {#R} 0-1

[Event "Match"]
[Site "masterchessopen.com - Melbourne (Australia)"]
[Round "5"]
[White "Kagan Issay (AUS)"]
[Black "Sandler Leonid (AUS)"]
[Result "0-1"]
[WhiteElo "2255"]
[BlackElo "2366"]

1.d4 Nf6 2.c4 c5 3.d5 e6 4.Nc3 exd5 5.cxd5 g6 6.e4 d6 7.Nf3 Bg7 8.Be2 O-O
9.O-O Bg4 10.Nd2 Bxe2 11.Qxe2 Re8 12.a4 Nbd7 13.f3 Nh5 14.Nc4 Ne5 15.g4 Nxc4
16.Qxc4 Nf6 17.g5 Nd7 18.f4 Bd4+ 19.Kg2 Qe7 20.Re1 f6 21.h4 fxg5 22.hxg5 a6
23.Qd3 Rf8 24.Bd2 Rf7 25.Qh3 Re8 26.Re2 Qf8 27.Rf1 Nb6 28.Qd3 Nd7 29.Rh1 Ne5
30.fxe5 Rf2+ 31.Rxf2 Qxf2+ 32.Kh3 Rf8 33.Rf1 Qxf1+ 34.Qxf1 Rxf1 35.exd6 Kf7
36.Ne2 Be5 {#R} 0-1